Intelligent systems for engineers and scientists
Αποθηκεύτηκε σε:
| Κύριος συγγραφέας: | |
|---|---|
| Μορφή: | Βιβλίο |
| Γλώσσα: | English |
| Δημοσίευση: |
Boca Raton, FL. :
CRC Press,
c2001.
|
| Έκδοση: | 2nd ed. |
| Θέματα: | |
| Ετικέτες: |
Προσθήκη ετικέτας
Δεν υπάρχουν, Καταχωρήστε ετικέτα πρώτοι!
|
MARC
| LEADER | 00000cam a2200000 a 4500 | ||
|---|---|---|---|
| 001 | 1/115588 | ||
| 008 | 171218s2001####flu| ||| |||| ||eng|| | ||
| 020 | |a 0849304563 | ||
| 040 | |a GR-MyUa |b gre |c GR-MyUa |e AACR2 | ||
| 041 | 0 | |a eng | |
| 082 | 7 | |a 006.33 |2 (23) | |
| 100 | 1 | |a Hopgood, Adrian A. | |
| 245 | 1 | 0 | |a Intelligent systems for engineers and scientists / |c Adrian A. Hopgood. |
| 250 | |a 2nd ed. | ||
| 260 | |a Boca Raton, FL. : |b CRC Press, |c c2001. | ||
| 300 | |a 467 σ. : |b εικ. ; |c 24 εκ. | ||
| 504 | |a Περιλαμβάνει βιβλιογραφικές παραπομπές και ευρετήριο. | ||
| 650 | 0 | |a Expert systems (Computer science) | |
| 650 | 0 | |a Computer-aided engineering. | |
| 852 | |a INST |b SYROS |e 20171218 |h 006.33 HOP |p 005500013251 |q 005500013251 |t BK |y 0 | ||
| 970 | |a Κοντού |b Παρασκευή |z 18/12/2017 | ||